My chief/ (Record no. 549521)

000 -LEADER
fixed length control field 00394nam a22001457a 4500
082 ## - DEWEY DECIMAL CLASSIFICATION NUMBER
Classification number 923.15491
Author Mark MOH
-- L-27, P-3
100 ## - MAIN ENTRY--PERSONAL NAME
Personal name Mohammad Ahmed
9 (RLIN) 46179
245 ## - TITLE STATEMENT
Title My chief/
Statement of responsibility, etc. Mohammad Ahmed
250 ## - EDITION STATEMENT
Edition statement volume1
260 ## - PUBLICATION, DISTRIBUTION, ETC.
Place of publication, distribution, etc. Lahore,
Name of publisher, distributor, etc. Longmans, green and co.
Date of publication, distribution, etc. 1960
300 ## - PHYSICAL DESCRIPTION
Extent 111p.:
Other physical details ill,;
Dimensions 15 cm.
526 ## - STUDY PROGRAM INFORMATION NOTE
Program name 0
Interest level 0
Reading level 0
Title point value 923_154910000000000_MOH
650 ## - SUBJECT ADDED ENTRY--TOPICAL TERM
Topical term or geographic name entry element MCE
9 (RLIN) 379
942 ## - ADDED ENTRY ELEMENTS (KOHA)
Source of classification or shelving scheme
Koha item type Book
Holdings
Withdrawn status Lost status Source of classification or shelving scheme Damaged status Not for loan Permanent Location Current Location Date acquired Total Checkouts Full call number Barcode Date last seen Price effective from Koha item type
          Military College of Engineering (MCE) Military College of Engineering (MCE) 09/29/2014   923.15491 MOH MCE-1194 09/29/2014 09/29/2014 Book
© 2023 Central Library, National University of Sciences and Technology. All Rights Reserved.